000 00531nam a2200169 i 4500
001 71979
003 ES-MaACL
005 20230906171307.0
007 t|
008 040823s1953 sp ||||1| spa d
100 1 _aGil Azpeitia, Alfonso.
_956768
245 1 0 _aNota sobre una transformada de Laplace /
_cA.G. Azpeitia.
260 _aMadrid :
_b[s.n.,
_c1953] (
_fNuevas Gráficas)
300 _a4 p. ;
_c24 cm.
500 _aEs separata de: Gaceta Matemática, 1ª Serie, t. V, Nº 1 y 2.
852 _aES-MaACL
_j1962-F-6
_bR.35110
999 _c71979
_d71979